Tanácsülés Mórahalmon címer, zászló, díszpolgár /

Elmentve itt :
Bibliográfiai részletek
Szerző: Ács S. Sándor
Dokumentumtípus: Cikk
Megjelent: 1986-09-12
Sorozat:Délmagyarország 76 No. 215
Kulcsszavak:Mórahalom, Politikai élet tanácsülés Mórahalom, Közigazgatás tanács 1986 Mórahalom
Online Access:http://dmarchiv.bibl.u-szeged.hu/84941
LEADER 00560nab a2200157 i 4500
001 delm84941
005 20190912130630.0
008 190912s1986 hu o 0|| hun d
040 |a SZTE Délmagyarország Archívum  |b hun 
041 |a hun 
100 2 |a Ács S. Sándor 
245 1 0 |a Tanácsülés Mórahalmon   |h [elektronikus dokumentum] :  |b címer, zászló, díszpolgár /  |c  Ács S. Sándor 
260 |c 1986-09-12 
300 |a 3 
490 0 |a Délmagyarország  |v 76 No. 215 
695 |a Mórahalom, Politikai élet tanácsülés Mórahalom, Közigazgatás tanács 1986 Mórahalom